Alergie
Dr Sophie Farooque, popredná odborníčka v oblasti alergií, v tejto knihe poskytuje alergikom a ich rodinám vedomosti, ktoré potrebujú, aby sa dokázali lepšie zorientovať na tomto mínovom poli. Ponúka tu praktické rady ako znížiť zbytočné utrpenie a vyvracia bežné mýty o alergii.
| Main Author: | |
|---|---|
| Other Authors: | |
| Format: | CD Audio |
| Language: | Slovak English |
| PhysicalDescription: | 1 elektronický optický disk (CD-ROM) digitálny, mono, MP3 12cm |
| Published: |
Levoča
Slovenská knižnica pre nevidiacich Mateja Hrebendu
2024
|
| ISBN: | 9788018122095 |
| Subjects: |
MARC
| LEADER | 00000nim a2200000 a 4500 | ||
|---|---|---|---|
| 001 | vtls012255410 | ||
| 003 | SK-MaSNL | ||
| 005 | 20260301121817.0 | ||
| 007 | sd fsngnnmmnud | ||
| 008 | 240425s2024 xo nnnnfs z n slo | ||
| 015 | |a SNBJ2025 | ||
| 020 | |a 9788018122095 |q (zvuková kniha) | ||
| 040 | |a SNK |b slo |c SNK |e AACR2 | ||
| 041 | 1 | |a slo |h eng | |
| 044 | |a xo |c SK | ||
| 072 | 7 | |a 616 |x Patológia. Klinická medicína |2 konspekt | |
| 080 | |a 616-02:616-092.19 |2 2011 | ||
| 080 | |a 616-092.19 |2 2011 | ||
| 080 | |a 616-084 |2 2011 | ||
| 080 | |a (0.062) |2 2011 | ||
| 080 | |a (086.76) |2 2001 | ||
| 100 | 1 | |a Farooque, Sophie |4 aut |9 466464 | |
| 245 | 1 | 0 | |a Alergie |h elektronický zdroj |c Sophie Farooque ; číta: Jozef Lapšanský |
| 260 | |a Levoča |b Slovenská knižnica pre nevidiacich Mateja Hrebendu |c 2024 | ||
| 300 | |a 1 elektronický optický disk (CD-ROM) |b digitálny, mono, MP3 |c 12cm | ||
| 306 | |a 090000 | ||
| 520 | 8 | |a Dr Sophie Farooque, popredná odborníčka v oblasti alergií, v tejto knihe poskytuje alergikom a ich rodinám vedomosti, ktoré potrebujú, aby sa dokázali lepšie zorientovať na tomto mínovom poli. Ponúka tu praktické rady ako znížiť zbytočné utrpenie a vyvracia bežné mýty o alergii. | |
| 521 | |a pre nevidiacich, slabozrakých a inak zdravotne postihnutých | ||
| 650 | 0 | 7 | |a alergia |2 SNKPH |9 29852 |
| 650 | 0 | 7 | |a alergény |2 SNKPH |9 19079 |
| 650 | 0 | 7 | |a prevencia ochorení |2 SNKPH |9 69501 |
| 655 | 7 | |a zvukové záznamy |2 SNKPH |9 70720 | |
| 655 | 7 | |a populárno-náučné publikácie |2 SNKPH |9 70460 | |
| 655 | 7 | |a CD-ROM |2 SNKPH |9 70236 | |
| 700 | 1 | |a Lapšanský, Jozef |4 nrt |9 325837 | |
| 752 | |a Slovensko |d Levoča | ||
| 787 | 0 | 8 | |i Podľa knihy: |t Alergie |d Bratislava : Grada Slovakia, s.r.o. pod značkou Grada, 2023 |z 978-80-8090-592-7 |
| 919 | |a 978-80-18-12209-5 | ||
| 999 | |c 730697 |d 732627 | ||
| 952 | |a SNK |b SNK |y NEVYP |7 1 |p 17A1575701 |o snkSCD 7346 |i snk2025/12260 |8 0 |0 0 |1 0 |4 0 |d 2025-07-29 |l 0 |r 2026-02-23 22:27:53 |w 2026-02-23 | ||


